Cántico cósmico
Uloženo v:
| Hlavní autor: | |
|---|---|
| Médium: | Kniha |
| Jazyk: | španělština |
| Vydáno: |
Madrid
Trotta
1999
|
| Vydání: | 3a. ed |
| Edice: | La Dicha de Enmudecer. Poesía
|
| Témata: | |
| Tagy: |
Přidat tag
Žádné tagy, Buďte první, kdo vytvoří štítek k tomuto záznamu!
|
MARC
| LEADER | 00000nam a2200000 a 4500 | ||
|---|---|---|---|
| 001 | UCN8023 | ||
| 003 | CL-VaPUC | ||
| 008 | 011026e19990000SP |||||||||||||||||spa|d | ||
| 082 | 0 | 4 | |a Ni861 |b CAR |2 21 |
| 100 | 0 | |a Cardenal, Ernesto |e author |9 464196 | |
| 245 | 1 | 0 | |a Cántico cósmico |
| 250 | |a 3a. ed | ||
| 300 | |a 410 p | ||
| 942 | |c BK | ||
| 945 | |d 20011026 00:00:00 |a crobeson | ||
| 260 | |a Madrid |b Trotta |c 1999 | ||
| 650 | 7 | |a POESIAS NICARAGUENSES - SIGLO 20 |2 CL-VaPUC |9 464197 | |
| 650 | 7 | |a LITERATURA NICARAGUENSE - SIGLO 20 |2 CL-VaPUC |9 464198 | |
| 583 | |a last modification |c 20011026 00:00:00 |k Rodrigo Vera | ||
| 490 | 0 | |a La Dicha de Enmudecer. Poesía | |
| 999 | |c 298108 |d 298106 | ||
| 952 | |0 0 |1 2 |4 0 |6 NI_861_000000000000000_CAR_1999 |7 0 |8 A |9 353466 |a BIBTEO |b BIBTEO |d 2019-11-21 |i 3740587 |o Ni861 CAR 1999 |p 3740587 |r 2019-11-21 |w 2019-11-21 |y BK |k ICR | ||